Applied Geostatistics

Guardado en:
Detalles Bibliográficos
Autores principales: Isaaks, Edward H (Autor), Srivastava, R. Mohan (Autor)
Formato: Libro
Lenguaje:inglés
Publicado: Nueva York Oxford University 1989
Materias:
Etiquetas: Agregar Etiqueta
Sin Etiquetas, Sea el primero en etiquetar este registro!

MARC

LEADER 00000cam a2200000 a 4500
001 UCE5640
003 CL-VaPUC
008 150305e19890000us |||||||||||||||||eng|d
020 |a 9780195050134 
082 0 4 |a 553.0724  |b ISA  |2 21 
100 0 |a Isaaks, Edward H  |e author  |9 578304 
700 0 |a Srivastava, R. Mohan  |e author  |9 578305 
245 1 0 |a Applied Geostatistics 
300 |a 561 p 
942 |c BK 
945 |d 20150305 12:52:00  |a cmena 
260 |a Nueva York  |b Oxford University  |c 1989 
650 7 |a GEOESTADISTICA  |2 CL-VaPUC  |9 578306 
650 0 |a Geología   |9 260984 
650 0 |a Estadística matemática  |9 260028 
583 |a last modification  |c 20150305 12:52:00  |k Rodrigo Vera 
999 |c 358292  |d 358290 
952 |0 0  |1 0  |3 erb  |4 0  |6 553_072400000000000_ISA_1989  |7 0  |8 A  |9 466912  |a BIBING  |b BIBING  |i 5138485  |o 553.0724 ISA 1989  |p 5138485  |r 2025-01-20  |w 2019-11-23  |y BK  |z Catalogado en:20150305  |k EIQ 
952 |0 0  |1 0  |3 erb  |4 0  |6 553_072400000000000_ISA_1989  |7 0  |8 A  |9 466913  |a BIBING  |b BIBING  |i 5138477  |o 553.0724 ISA 1989  |p 5138477  |r 2025-01-20  |w 2019-11-23  |y BK  |z Catalogado en:20150305  |k EIQ 
952 |0 0  |1 0  |3 erb  |4 0  |6 553_072400000000000_ISA_1989  |7 0  |8 A  |9 466914  |a BIBING  |b BIBING  |i 5143640  |o 553.0724 ISA 1989  |p 5143640  |r 2025-01-20  |w 2019-11-23  |y BK  |z Catalogado en:20150402  |k EIQ